[Event "4th Stage Russian Cup"]
[Site "Samara RUS"]
[Date "2002.07.28"]
[Round "3"]
[White "Kotanjian,T"]
[Black "Poletaev,Vi"]
[Result "1-0"]
[WhiteElo "2388"]
[BlackElo "2247"]
[EventDate "2002.07.26"]

1. d4 Nf6 2. c4 e6 3. Nc3 Bb4 4. Qc2 O-O 5. a3 Bxc3+ 6. Qxc3 Ne4 7. Qc2 f5
8. g3 d5 9. Nf3 c6 10. Bg2 Nd7 11. O-O g5 12. b4 Qf6 13. Ne5 Nd6 14. c5 Nf7
15. f4 g4 16. Be3 h5 17. Bf2 Ndxe5 18. fxe5 Qh6 19. Qc3 Ng5 20. Be3 Qg6 21.
Bxg5 Qxg5 22. Qc1 Qg6 23. a4 Bd7 24. Rb1 Rf7 25. Qf4 Rh7 26. h4 gxh3 27.
Bxh3 Rg7 28. Rf3 a6 29. Kf2 Rf8 30. Rh1 Be8 31. Qe3 Qh7 32. Rf4 Kf7 33. Bg2
Ke7 34. Bf3 Rfg8 35. Rh3 Rg5 36. Rfh4 Qg7 37. Qf4 Rh8 38. Kg2 Kd7 39. Rh1
Rg8 40. R1h3 Rh8 41. Rh1 Qe7 42. e3 Qg7 43. Be2 Rg8 44. R1h3 Rg4 45. Qf2
Bg6 46. b5 axb5 47. axb5 Rf8 48. bxc6+ bxc6 49. Bf3 Qg8 50. Rh1 Rxh4 51.
Rxh4 Qh7 52. Qe2 Rh8 53. Rh1 f4 54. Ra1 Rc8 55. Ra7+ Rc7 56. Rxc7+ Kxc7 57.
exf4 1-0

[Event "4th Stage Russian Cup"]
[Site "Samara RUS"]
[Date "2002.07.28"]
[Round "3"]
[White "Khismatullin,D"]
[Black "Rodchenkov,V"]
[Result "0-1"]
[WhiteElo "2428"]
[BlackElo "2305"]
[EventDate "2002.07.26"]

1. e4 d5 2. exd5 Qxd5 3. Nc3 Qd6 4. d4 a6 5. Bc4 Nf6 6. Nf3 b5 7. Bb3 Bb7
8. Ne5 e6 9. Bf4 Qd8 10. Qe2 Nd5 11. Bg3 Bb4 12. O-O O-O 13. Nxd5 Bxd5 14.
c3 Be7 15. Bc2 Nd7 16. Nd3 Nf6 17. Rfe1 Bb7 18. a4 Re8 19. Rad1 Rb8 20. Be5
Bf8 21. axb5 axb5 22. Nf4 Nd5 23. Qxb5 f6 24. Nxd5 fxe5 25. Qd3 e4 26. Qxe4
g6 27. Qg4 Bxd5 28. b3 Qf6 29. c4 Bb7 30. Re3 Rbd8 31. h4 Bh6 32. Re5 Qf4
33. Qxf4 Bxf4 34. Rb5 Bc6 35. Rc5 Bd7 36. h5 Kf7 37. hxg6+ hxg6 38. Rd3 e5
39. dxe5 Rxe5 40. Rxe5 Bxe5 41. b4 Bf6 42. Rg3 g5 43. Ra3 Be6 44. Ra7 Be5
45. Ra5 Kf6 46. g3 Rd2 47. Be4 Bd4 48. c5 Rxf2 49. Kh1 0-1

[Event "4th Stage Russian Cup"]
[Site "Samara RUS"]
[Date "2002.07.28"]
[Round "3"]
[White "Aleksandrov,V"]
[Black "Kosintseva,T"]
[Result "0-1"]
[WhiteElo "2261"]
[BlackElo "2441"]
[EventDate "2002.07.26"]

1. d4 f5 2. e4 fxe4 3. Nc3 Nf6 4. Bg5 Nc6 5. d5 Ne5 6. Qd4 Nf7 7. Bxf6 exf6
8. Nxe4 Be7 9. d6 Nxd6 10. Nxd6+ Bxd6 11. O-O-O O-O 12. Bd3 f5 13. Nf3 Qf6
14. Bc4+ Kh8 15. Qxf6 Rxf6 16. Rhe1 g6 17. Rxd6 Rxd6 18. Re7 b5 19. Bb3 Bb7
20. Ng5 Bd5 21. Bxd5 Rxd5 22. Nxh7 Rd6 23. Ng5 Kg8 24. h4 a5 25. f4 b4 26.
b3 a4 27. bxa4 Rxa4 28. Re8+ Kg7 29. Re7+ Kf8 30. Rf7+ Ke8 31. h5 gxh5 32.
Rxf5 Rxa2 33. Re5+ Kf8 34. Kb1 b3 0-1

[Event "4th Stage Russian Cup"]
[Site "Samara RUS"]
[Date "2002.07.28"]
[Round "3"]
[White "Guseva,O"]
[Black "Sidorov,A"]
[Result "0-1"]
[WhiteElo "2227"]
[BlackElo "2384"]
[EventDate "2002.07.26"]

1. d4 d5 2. Nf3 c6 3. c4 Nf6 4. Nc3 Bf5 5. Qb3 Qb6 6. c5 Qc7 7. g3 Nbd7 8.
Bf4 Qc8 9. Qd1 h6 10. h3 g5 11. Be3 Qc7 12. h4 g4 13. Bf4 Qd8 14. Ne5 Nh5
15. e3 Nxe5 16. Bxe5 f6 17. Bd3 Qd7 18. Bf4 Bg7 19. Bxf5 Qxf5 20. O-O e5
21. e4 dxe4 22. dxe5 Nxf4 23. gxf4 fxe5 24. Re1 O-O 25. Nxe4 exf4 26. Nd6
Qh5 27. Re7 Qxh4 28. Qb3+ Kh8 29. Re4 Qh5 30. Nxb7 Rab8 31. Re7 g3 32. fxg3
Bd4+ 33. Kf1 fxg3+ 34. Ke1 Rf2 35. Rh7+ Kxh7 36. Qd3+ Qg6 0-1

[Event "4th Stage Russian Cup"]
[Site "Samara RUS"]
[Date "2002.07.28"]
[Round "3"]
[White "Gazizov,R"]
[Black "Azarov,S"]
[Result "0-1"]
[WhiteElo "2358"]
[BlackElo "2532"]
[EventDate "2002.07.26"]

1. Nf3 Nf6 2. c4 e6 3. g3 d5 4. Bg2 Be7 5. d4 c6 6. b3 Nbd7 7. O-O O-O 8.
Qc2 b6 9. Nbd2 Ba6 10. e4 Rc8 11. Bb2 c5 12. exd5 exd5 13. Rac1 cxd4 14.
Nxd4 b5 15. Nf5 Bc5 16. Qc3 bxc4 17. b4 d4 18. Nxd4 Bxd4 19. Qxd4 c3 20.
Rxc3 Rxc3 21. Qxc3 Bxf1 22. Nxf1 Nb6 23. Qb3 Qd6 24. Ne3 Qe6 25. Qa3 Rd8
26. Qxa7 h5 27. Bxf6 Qxf6 28. Be4 g6 0-1

[Event "4th Stage Russian Cup"]
[Site "Samara RUS"]
[Date "2002.07.28"]
[Round "3"]
[White "Gareev,T"]
[Black "Yashtylov,A"]
[Result "1/2-1/2"]
[WhiteElo "2191"]
[BlackElo "2381"]
[EventDate "2002.07.26"]

1. d4 d5 2. c4 e6 3. Nc3 Bb4 4. a3 Bxc3+ 5. bxc3 Ne7 6. Nf3 c5 7. e3 Qc7 8.
cxd5 exd5 9. Be2 O-O 10. O-O Bf5 11. a4 c4 12. Ba3 Re8 13. Re1 Nd7 14. Nd2
Nf6 15. Bf1 Nc6 16. f3 Rad8 17. Ra2 h6 18. Bc5 Bg6 19. Qc1 b6 20. Ba3 Na5
21. Qd1 Qc6 22. g3 Nb7 23. Bc1 Nd6 24. Bg2 Re7 25. Nf1 Rde8 26. g4 Rb8 27.
Ng3 b5 28. axb5 Rxb5 29. Qa4 Qb6 30. h4 Rb3 31. g5 hxg5 32. hxg5 Nfe8 33.
f4 Rxc3 34. Bxd5 Rd3 35. Rb2 Qd8 36. Rbe2 Qc8 37. Ba3 Qh3 38. Nf1 c3 39.
Qa6 Qd7 40. Bc6 Qe6 41. d5 Rxd5 42. Bxd5 Qxd5 43. Qa4 Bd3 44. e4 Bxe4 45.
Ng3 Qd3 46. Nxe4 Rxe4 47. Rxe4 1/2-1/2

[Event "4th Stage Russian Cup"]
[Site "Samara RUS"]
[Date "2002.07.28"]
[Round "3"]
[White "Bocharov,D"]
[Black "Khairullin,I"]
[Result "0-1"]
[WhiteElo "2475"]
[BlackElo "2329"]
[EventDate "2002.07.26"]

1. d4 Nf6 2. Nf3 c5 3. d5 b5 4. a4 Bb7 5. e4 Nxe4 6. axb5 e6 7. dxe6 fxe6
8. Bd3 Be7 9. Qe2 Nf6 10. O-O O-O 11. c4 a6 12. Nc3 axb5 13. Rxa8 Bxa8 14.
cxb5 Qc7 15. Ng5 h6 16. Nge4 Bb7 17. Bb1 d5 18. Nxf6+ Rxf6 19. b3 Bd6 20.
g3 Nd7 21. Bb2 Be5 22. Na4 Bxb2 23. Qxb2 d4 24. Qe2 Bd5 25. Qd1 Qb7 26. f4
Qxb5 27. Bc2 Rf8 28. f5 Ne5 29. Qe1 Ng4 30. Be4 Bxb3 31. Nb2 Ne3 0-1

[Event "4th Stage Russian Cup"]
[Site "Samara RUS"]
[Date "2002.07.28"]
[Round "3"]
[White "Askarov,M"]
[Black "Lysyj,I"]
[Result "0-1"]
[WhiteElo "2242"]
[BlackElo "2382"]
[EventDate "2002.07.26"]

1. c4 e6 2. Nf3 c5 3. e3 Nf6 4. b3 d5 5. Bb2 Nc6 6. Be2 d4 7. exd4 cxd4 8.
d3 Be7 9. O-O O-O 10. a3 a5 11. Nbd2 e5 12. Ne4 Nd7 13. Nfd2 f5 14. Ng3 Nc5
15. Rb1 Ra6 16. Re1 Rb6 17. Bc1 g6 18. h3 Be6 19. Bf1 Bf6 20. Qc2 Re8 21.
Qa2 Bf7 22. Rb2 h5 23. Qb1 h4 24. Ne2 g5 25. b4 axb4 26. axb4 Rxb4 27. Rxb4
Nxb4 28. Nxd4 Nbxd3 29. Bxd3 exd4 30. Rxe8+ Qxe8 31. Nf3 g4 32. hxg4 Nxd3
33. Qxd3 fxg4 34. Bg5 Bxg5 35. Nxg5 Qe1+ 36. Qf1 Qxf1+ 37. Kxf1 Bxc4+ 38.
Ke1 Bd5 39. f3 gxf3 40. gxf3 Kg7 41. Ke2 Kf6 0-1

[Event "4th Stage Russian Cup"]
[Site "Samara RUS"]
[Date "2002.07.28"]
[Round "3"]
[White "Kokarev,D"]
[Black "Kozlitin,O"]
[Result "1-0"]
[WhiteElo "2495"]
[BlackElo "2273"]
[EventDate "2002.07.26"]

1. e4 c5 2. Nf3 d6 3. d4 cxd4 4. Nxd4 Nf6 5. f3 a6 6. c4 e6 7. Nc3 Be7 8.
Be3 O-O 9. Be2 Qc7 10. O-O Nc6 11. Rc1 b6 12. Nd5 exd5 13. cxd5 b5 14. Nxc6
Bb7 15. Qd4 Bxc6 16. Rxc6 Qa5 17. a3 Nd7 18. b4 Qd8 19. f4 Bf6 20. Qd3 Nb8
21. Bb6 Qe7 22. Rc7 Nd7 23. Bg4 Nxb6 24. Rxe7 Bxe7 25. e5 1-0

[Event "4th Stage Russian Cup"]
[Site "Samara RUS"]
[Date "2002.07.28"]
[Round "3"]
[White "Blatov,I"]
[Black "Shkliar,S"]
[Result "1/2-1/2"]
[WhiteElo "2324"]
[BlackElo "2211"]
[EventDate "2002.07.26"]

1. e4 c5 2. Nf3 e6 3. d4 cxd4 4. Nxd4 Nf6 5. Nc3 Nc6 6. Nxc6 bxc6 7. e5 Nd5
8. Ne4 Qc7 9. f4 Qb6 10. c4 Bb4+ 11. Ke2 f5 12. Ng3 Nc7 13. Be3 Bc5 14.
Bxc5 Qxc5 15. b3 O-O 16. Qd6 Qxd6 17. exd6 Na6 18. Kd2 c5 19. Be2 Bb7 20.
Rhg1 Rae8 21. Bd3 g6 22. Rae1 Nb4 23. Re5 Rc8 24. a3 Na6 25. Kc3 Rc6 26. b4
cxb4+ 27. axb4 Rxd6 28. c5 Rc8 29. Bc4 Rdc6 30. Ne2 Ra8 31. Nd4 Rcc8 32.
Nb5 1/2-1/2

[Event "4th Stage Russian Cup"]
[Site "Samara RUS"]
[Date "2002.07.28"]
[Round "3"]
[White "Kniazev,A"]
[Black "Khakimov,T"]
[Result "1/2-1/2"]
[WhiteElo "2286"]
[BlackElo "2132"]
[EventDate "2002.07.26"]

1. e4 c5 2. Nf3 Nc6 3. d4 cxd4 4. Nxd4 Nf6 5. Nc3 e5 6. Ndb5 d6 7. Nd5 Nxd5
8. exd5 Nb8 9. Be2 a6 10. Nc3 Be7 11. O-O O-O 12. a4 Nd7 13. a5 f5 14. b4
e4 15. Ra3 Bf6 16. f4 exf3 17. Bxf3 Ne5 18. Ne2 Bd7 19. Nd4 Qe7 20. Be2 g6
21. Rg3 Kh8 22. Kh1 Rac8 23. Re3 Qf7 24. Nf3 Nc4 25. Rd3 Rce8 26. Nd4 Bxd4
27. Rxd4 Ne3 28. Bxe3 Rxe3 29. c4 Qf6 30. Rd3 Rfe8 31. Rxe3 Rxe3 32. Bf3
Qc3 33. c5 dxc5 34. bxc5 Qxc5 35. Qa1+ Qc3 36. h3 Qxa1 37. Rxa1 Kg7 38. Rb1
Bb5 39. Rc1 Re7 40. d6 Rd7 41. Rc7 Kf6 42. Rxd7 Bxd7 43. Bxb7 Ke6 44. Bxa6
Kxd6 45. Bd3 Kc5 46. Kh2 h6 47. Kg3 g5 48. a6 Kb6 49. h4 Bc8 50. hxg5 hxg5
51. Kf2 Bxa6 52. Bxf5 Kc5 1/2-1/2

[Event "4th Stage Russian Cup"]
[Site "Samara RUS"]
[Date "2002.07.28"]
[Round "3"]
[White "Kazancev,V"]
[Black "Pavlov,De"]
[Result "0-1"]
[WhiteElo "2343"]
[BlackElo "2263"]
[EventDate "2002.07.26"]

1. c4 e5 2. Nc3 Nf6 3. g3 Bb4 4. Bg2 O-O 5. Nf3 Nc6 6. O-O e4 7. Ne1 Bxc3
8. bxc3 d6 9. d3 exd3 10. exd3 Bf5 11. h3 h6 12. g4 Bd7 13. f4 Rb8 14. Be3
a6 15. Bf2 Ne7 16. f5 Bc6 17. Nf3 b5 18. cxb5 axb5 19. Qd2 Ned5 20. Nd4 Ba8
21. Rab1 Qd7 22. Rfe1 c5 23. Nf3 b4 24. cxb4 Nxb4 25. a3 Nbd5 26. Bg3 Rxb1
27. Rxb1 Re8 28. Re1 Rb8 29. Qa5 Bc6 30. Qd2 Rb3 31. Ra1 Bb5 32. Ne1 c4 33.
dxc4 Bxc4 34. Bf2 Nc3 35. Kh1 Nfe4 36. Qd4 d5 37. Bh4 Qc7 38. Nf3 f6 39. a4
Ne2 40. Qd1 N4g3+ 41. Bxg3 Qxg3 42. Ng1 Nf4 43. Qd2 Re3 44. Bf1 Bxf1 45.
Rxf1 Re2 0-1

[Event "4th Stage Russian Cup"]
[Site "Samara RUS"]
[Date "2002.07.28"]
[Round "3"]
[White "Kraev,A"]
[Black "Zhumabaev,R"]
[Result "1/2-1/2"]
[WhiteElo "2330"]
[BlackElo "2234"]
[EventDate "2002.07.26"]

1. d4 Nf6 2. Nf3 g6 3. Bf4 Bg7 4. e3 O-O 5. h3 d6 6. Be2 Nbd7 7. O-O Re8 8.
c3 c6 9. Nbd2 Qc7 10. Bh2 Nf8 11. e4 e5 12. dxe5 dxe5 13. Qc2 Nh5 14. Rad1
Nf4 15. Bxf4 exf4 16. Bc4 Be6 17. Bxe6 Nxe6 18. Nb3 Rad8 19. Nfd4 Ng5 20.
f3 h5 21. Ne2 Ne6 22. Kh1 Be5 23. Rxd8 Rxd8 24. Rd1 Qb6 25. Rxd8+ Qxd8 26.
Qd2 Qxd2 27. Nxd2 Kf8 28. Kg1 Ke7 29. Kf1 f6 30. Nc1 Bc7 31. Nd3 Kd7 32.
Nb3 Bd6 33. Ke2 c5 34. Nd2 b5 35. b3 Be5 36. Nb1 Kc6 37. Ne1 a6 38. Kd3 Kb6
39. Nc2 Kc6 40. Ne1 1/2-1/2

[Event "4th Stage Russian Cup"]
[Site "Samara RUS"]
[Date "2002.07.28"]
[Round "3"]
[White "Kalinin,Michail"]
[Black "Shutalev,M"]
[Result "1-0"]
[WhiteElo "2303"]
[BlackElo "2140"]
[EventDate "2002.07.26"]

1. d4 e6 2. Nf3 b6 3. e3 Bb7 4. Bd3 Nf6 5. Nbd2 c5 6. O-O Nc6 7. a3 Be7 8.
b3 O-O 9. Bb2 Qc7 10. Re1 d5 11. Ne5 Nxe5 12. dxe5 Nd7 13. f4 f5 14. Qe2 a6
15. c4 dxc4 16. Bxc4 Qc6 17. Qf3 Kf7 18. Qh3 Kg8 19. Be2 Rfd8 20. Bf3 Qc7
21. Rad1 Nf8 22. Nc4 Bxf3 23. Qxf3 Ng6 24. Bc3 Rab8 25. g3 Rxd1 26. Rxd1
Rd8 27. Rxd8+ Bxd8 28. Qa8 a5 29. a4 Ne7 30. Nd6 Qd7 31. Kf2 Nc6 32. Ke2
Kf8 33. Kd3 Ke7 34. Qc8 Qxc8 35. Nxc8+ Kd7 36. Nd6 Bc7 37. Nb5 Ne7 38. e4
g6 39. Bd2 Nc6 40. Bc3 Ne7 41. Na3 Kc6 42. Nc4 Bb8 43. Nd2 h6 44. Nf3 Bc7
45. h3 b5 46. Nh4 bxa4 47. bxa4 fxe4+ 48. Kxe4 Nf5 49. Nxg6 Nxg3+ 50. Kd3
Nf5 51. Kc4 Ne3+ 52. Kd3 Nf5 53. Ke4 Ng3+ 54. Kf3 Nf5 55. Nf8 Kd5 56. Nd7
Kc4 57. Be1 Bd8 58. Kg4 Ng7 59. Nb8 Kd5 60. Nd7 c4 61. Kf3 Nf5 62. Bc3 Kc6
63. Nf6 Bb6 64. Be1 Bd8 65. Ke4 Bb6 66. Nh7 Kd7 67. Nf8+ Ke7 68. Ng6+ Kf7
69. Nh4 Nxh4 70. Bxh4 Bc5 71. Be1 Bb6 72. f5 exf5+ 73. Kxf5 Ke7 74. Bh4+
Kf7 75. e6+ Ke8 76. Be1 Ke7 77. Ke5 Bc7+ 78. Kd5 Bb6 79. Bh4+ Ke8 80. Kxc4
Be3 81. Be1 Ke7 82. Kd5 Bb6 83. Bd2 h5 84. Bg5+ Ke8 85. Ke5 Bf2 86. Kf5 1-0

[Event "4th Stage Russian Cup"]
[Site "Samara RUS"]
[Date "2002.07.28"]
[Round "3"]
[White "Nagimov,A"]
[Black "Frolov,D"]
[Result "0-1"]
[WhiteElo "2154"]
[BlackElo "2459"]
[EventDate "2002.07.26"]

1. d4 d5 2. Nf3 Nf6 3. c4 c6 4. e3 Bf5 5. Nc3 e6 6. Be2 Bd6 7. O-O h6 8.
Ne5 Nbd7 9. f4 Ne4 10. Nxe4 Bxe4 11. Bd3 Nf6 12. c5 Bxe5 13. fxe5 Bxd3 14.
Qxd3 Ne4 15. b4 O-O 16. Bb2 f6 17. exf6 Rxf6 18. Rf4 Qe7 19. Raf1 Raf8 20.
Bc1 Qe8 21. a4 Qh5 22. b5 g5 23. g4 Rxf4 24. Rxf4 Qh4 25. Rxf8+ Kxf8 26.
Qe2 Nf6 27. bxc6 bxc6 28. h3 Qxh3 29. Qa6 Qxg4+ 30. Kh2 Qh4+ 31. Kg2 Qe4+
32. Kf1 Qb1 33. Qc8+ Kf7 34. Qxc6 Qxc1+ 35. Ke2 Qc2+ 36. Kf3 g4+ 37. Kg3
Ne4+ 38. Kxg4 Qg2+ 39. Kf4 Qg3+ 0-1

[Event "4th Stage Russian Cup"]
[Site "Samara RUS"]
[Date "2002.07.28"]
[Round "3"]
[White "Jamaletdinov,R"]
[Black "Snatenkov,V"]
[Result "1/2-1/2"]
[WhiteElo "2122"]
[BlackElo "2225"]
[EventDate "2002.07.26"]

1. d4 d5 2. c4 e6 3. Nc3 c6 4. Nf3 Nf6 5. Bg5 h6 6. Bh4 dxc4 7. a4 Bb4 8.
e3 b5 9. Be2 Bb7 10. O-O a6 11. Ne5 Nbd7 12. f4 O-O 13. Qe1 Be7 14. Bf3 Qc7
15. Rd1 Rae8 16. Bg3 Qb6 17. Kh1 Nxe5 18. fxe5 Nd5 19. Ne4 Rd8 20. Nd6 c5
21. dxc5 Qc6 22. Bh4 Bxh4 23. Qxh4 Rd7 24. Bxd5 exd5 25. Qd4 Rc7 26. Rf4
Bc8 27. axb5 axb5 28. Qxd5 Be6 29. Qxc6 Rxc6 30. Nxb5 Rxc5 31. Nd4 Rb8 32.
Nxe6 fxe6 33. Rf2 Rxe5 34. Rc2 Rxe3 35. Rxc4 Rxb2 36. h3 Rg3 37. Rg1 Rf2
38. Kh2 Rg6 39. h4 e5 40. Re4 Rf4 41. Rxf4 exf4 42. Rf1 Rg4 43. Kh3 h5 44.
Ra1 Rg3+ 45. Kh2 Kf7 46. Ra4 Rg4 47. Kh3 Kg6 48. Ra6+ Kh7 49. Ra5 Rg3+ 50.
Kh2 Kg6 51. Rb5 Kh6 52. Rb4 Rg4 53. Kh3 g6 54. Rb3 Kg7 1/2-1/2

[Event "4th Stage Russian Cup"]
[Site "Samara RUS"]
[Date "2002.07.28"]
[Round "3"]
[White "Min,V"]
[Black "Petrov,Il"]
[Result "1/2-1/2"]
[WhiteElo "2383"]
[BlackElo "2161"]
[EventDate "2002.07.26"]

1. e4 e5 2. Nf3 Nc6 3. Bc4 Nf6 4. d3 Bc5 5. c3 d6 6. Bb3 a6 7. Nbd2 Ba7 8.
Nf1 Ne7 9. Ng3 Ng6 10. O-O O-O 11. Be3 Bg4 12. h3 Bd7 13. Qd2 Qc8 14. Kh2
Be6 15. Bg5 Ne8 16. Nh4 f6 17. Ngf5 Qd7 18. Bxe6+ Qxe6 19. Be3 Nxh4 20.
Nxh4 d5 21. Bxa7 Rxa7 22. exd5 Qxd5 23. Nf5 Kh8 24. Qe3 1/2-1/2

[Event "4th Stage Russian Cup"]
[Site "Samara RUS"]
[Date "2002.07.28"]
[Round "3"]
[White "Alagulian,K"]
[Black "Sidorova,E"]
[Result "1-0"]
[WhiteElo "2263"]
[BlackElo "2132"]
[EventDate "2002.07.26"]

1. e4 c5 2. Nf3 Nc6 3. d4 cxd4 4. Nxd4 e6 5. Nb5 d6 6. Bf4 e5 7. Be3 a6 8.
N5c3 Be6 9. Nd2 Be7 10. Nc4 b5 11. Nb6 Rb8 12. Ncd5 Nf6 13. Nxf6+ Bxf6 14.
Nd5 Bxd5 15. Qxd5 Qc7 16. c3 O-O 17. Be2 Rfd8 18. Rd1 Na5 19. O-O Nc4 20.
Bxc4 bxc4 21. a4 Rxb2 22. Rb1 Rbb8 23. a5 Rdc8 24. Rb6 Bd8 25. Rfb1 Rxb6
26. axb6 Rb8 27. f3 Qd7 28. b7 Bc7 29. Ba7 Rd8 30. b8=Q 1-0

[Event "4th Stage Russian Cup"]
[Site "Samara RUS"]
[Date "2002.07.28"]
[Round "3"]
[White "Shestoperova,A"]
[Black "Doluhanova,E"]
[Result "1/2-1/2"]
[WhiteElo "2201"]
[BlackElo "2097"]
[EventDate "2002.07.26"]

1. d4 d5 2. Nf3 e6 3. e3 Nf6 4. c3 c5 5. Nbd2 Nc6 6. Bd3 Bd6 7. O-O O-O 8.
Qe2 e5 9. dxe5 Nxe5 10. Nxe5 Bxe5 11. h3 Re8 12. Nf3 Bc7 13. Qc2 h6 14. Rd1
Qe7 15. b3 Bd7 16. a4 Bc6 17. Bb5 Qe6 18. Bxc6 Qxc6 19. c4 Rad8 20. Bb2 Ne4
21. cxd5 Rxd5 22. Rxd5 Qxd5 23. Rd1 Qe6 24. b4 b6 25. bxc5 bxc5 26. Ba3 Bb6
27. Bb2 Bc7 28. Ra1 Rd8 29. Rd1 Re8 30. Ba1 Bd6 31. Qb2 Bf8 32. Rc1 Qd5 33.
a5 Re6 34. Qc2 Ng5 35. Nxg5 Qxg5 36. Qe2 Rg6 37. Qf3 Qd8 38. Bc3 Qd3 39. h4
Re6 40. h5 a6 41. Qd1 Qf5 42. Qf3 Qd3 43. Qd1 Qf5 44. Qe2 Be7 45. Qf3 Qd3
46. Qd1 Qf5 47. Qf3 Qd3 48. Qa8+ Bf8 49. Qf3 Be7 50. Qg3 Bf8 51. Qf3
1/2-1/2

[Event "4th Stage Russian Cup"]
[Site "Samara RUS"]
[Date "2002.07.29"]
[Round "4"]
[White "Luchkin,A"]
[Black "Kochetkov,Vic"]
[Result "1/2-1/2"]
[WhiteElo "2191"]
[BlackElo "2161"]
[EventDate "2002.07.26"]

1. e4 c5 2. Nc3 Nc6 3. f4 e6 4. Nf3 Be7 5. Bb5 Qc7 6. d3 Nd4 7. Bc4 a6 8.
a4 d6 9. Nxd4 cxd4 10. Ne2 Bf6 11. Ng3 g6 12. O-O h5 13. f5 h4 14. fxe6
Bxe6 15. Bxe6 fxe6 16. Ne2 g5 17. Bd2 O-O-O 18. c3 Qb6 19. cxd4 Bxd4+ 20.
Kh1 Bf6 21. Rc1+ Kb8 22. Qc2 Rh7 23. d4 Rg7 24. Be3 h3 25. gxh3 d5 26. exd5
exd5 27. Bf2 Qc6 28. Ng1 Nh6 29. Bg3+ Ka8 30. Rxf6 Qxf6 31. Be5 Qg6 32.
Bxg7 Qxg7 33. Qc7 Qf8 34. Rf1 Qe8 35. Re1 Qf8 36. Re7 Rb8 37. b4 Ng8 38.
Re5 Qf4 39. Qc3 g4 40. b5 gxh3 41. Nxh3 Qf1+ 42. Ng1 Nf6 43. Qf3 Qxf3+ 44.
Nxf3 axb5 45. axb5 Ka7 46. Re6 Ne4 47. h4 Rg8 48. Kh2 Nc3 49. Rd6 Nxb5 50.
Rxd5 Nc3 51. Rg5 Rf8 52. Ne5 Rf2+ 53. Kh3 Ne2 54. Rg4 Rf5 55. Rg5 Rf2 56.
Ng4 Rf3+ 57. Kg2 Rd3 58. d5 Nf4+ 59. Kf1 Nxd5 60. h5 Nf4 61. h6 Rd1+ 62.
Kf2 Nh3+ 63. Ke2 Nxg5 64. Kxd1 Kb6 65. Kd2 Kc5 66. Ke3 Kd6 67. Kf4 Nh7 68.
Kf5 Ke7 69. Kg6 Nf8+ 70. Kg7 Ne6+ 71. Kg8 Ng5 72. Ne5 Kf6 73. Nf3 Kg6 74.
Nxg5 Kxh6 75. Kf7 Kxg5 76. Ke6 1/2-1/2

[Event "4th Stage Russian Cup"]
[Site "Samara RUS"]
[Date "2002.07.29"]
[Round "4"]
[White "Yashtylov,A"]
[Black "Kokarev,D"]
[Result "1/2-1/2"]
[WhiteElo "2381"]
[BlackElo "2495"]
[EventDate "2002.07.26"]

1. d4 e6 2. c4 Bb4+ 3. Nc3 f5 4. Nf3 Nf6 5. Bd2 O-O 6. a3 Bxc3 7. Bxc3 Ne4
8. Qc2 b6 9. g3 Ba6 10. Bg2 Bxc4 11. Bb4 c5 12. Qxc4 d5 13. Qb3 cxb4 14.
Qxb4 Nc6 15. Qa4 Qd6 16. Rc1 Rfc8 17. Qa6 Rc7 18. O-O Rb8 19. Qd3 Rbc8 20.
Rc2 Na5 21. Rxc7 Rxc7 22. Ne5 Nc6 23. Nf3 Nb8 24. Qe3 Rc2 25. Ne5 Nc6 26.
f3 Nxe5 27. fxe4 Nc4 28. Qd3 Rd2 29. Qc3 Rxe2 30. exf5 e5 31. Qf3 Rxg2+ 32.
Kxg2 exd4 33. Kh1 Nd2 34. Qf4 Qxf4 35. Rxf4 Ne4 36. Kg2 d3 37. Kf3 d2 38.
Ke2 Kf7 39. g4 Kf6 40. h4 Ke5 41. Rf3 h6 1/2-1/2

[Event "4th Stage Russian Cup"]
[Site "Samara RUS"]
[Date "2002.07.29"]
[Round "4"]
[White "Arzumanian,G"]
[Black "Vaulin,A"]
[Result "0-1"]
[WhiteElo "2461"]
[BlackElo "2544"]
[EventDate "2002.07.26"]

1. e4 c5 2. Nf3 d6 3. d4 cxd4 4. Nxd4 Nf6 5. Nc3 a6 6. Be2 e5 7. Nb3 Be7 8.
O-O Be6 9. Be3 Nbd7 10. a4 Rc8 11. Bf3 O-O 12. a5 Qc7 13. Qd2 Rfe8 14. Nc1
d5 15. exd5 Bf5 16. N1e2 Bg6 17. Ng3 Bb4 18. d6 Bxd6 19. Nce4 Nxe4 20. Nxe4
Bxe4 21. Bxe4 Bc5 22. Qd5 Bxe3 23. fxe3 Nf6 24. Qxb7 Qc5 25. Bf5 Qxe3+ 26.
Kh1 Rb8 27. Qxa6 Rxb2 28. Qc6 Qa7 29. a6 Rb6 30. Qc4 e4 31. Bc8 e3 32. Rfe1
Rd6 33. Bb7 Rd4 34. Qb5 h5 35. c4 Re6 36. c5 Ne4 37. Kg1 Rd2 38. h3 Nf2 39.
Rab1 Qb8 40. a7 Nxh3+ 41. Kh1 Nf2+ 42. Kg1 Qxa7 43. Ra1 Ra2 44. Rxa2 Qxa2
45. c6 Nd3 46. Qxd3 Qf2+ 47. Kh2 Qh4+ 48. Kg1 Qxe1+ 49. Kh2 Qh4+ 0-1

[Event "4th Stage Russian Cup"]
[Site "Samara RUS"]
[Date "2002.07.29"]
[Round "4"]
[White "Skatchkov,P"]
[Black "Yevseev,D"]
[Result "1/2-1/2"]
[WhiteElo "2485"]
[BlackElo "2546"]
[EventDate "2002.07.26"]

1. c4 e6 2. Nf3 d5 3. d4 Nf6 4. g3 dxc4 5. Qa4+ c6 6. Qxc4 b5 7. Qc2 Bb7 8.
Bg2 Nbd7 9. O-O Rc8 10. Rd1 c5 11. Qb3 a6 12. Bg5 cxd4 13. Nxd4 Bxg2 14.
Kxg2 Nc5 15. Qc2 Nce4 16. Bxf6 Nxf6 17. Nc3 Qb6 18. e3 Bb4 19. a4 O-O 20.
axb5 axb5 21. Qe2 Bxc3 22. bxc3 Rxc3 1/2-1/2

[Event "4th Stage Russian Cup"]
[Site "Samara RUS"]
[Date "2002.07.29"]
[Round "4"]
[White "Kostenko,P"]
[Black "Smirnov,P"]
[Result "0-1"]
[WhiteElo "2482"]
[BlackElo "2539"]
[EventDate "2002.07.26"]

1. c4 c5 2. g3 g6 3. Bg2 Bg7 4. Nc3 Nc6 5. a3 a6 6. Rb1 Rb8 7. Qa4 d6 8. b4
Bd7 9. bxc5 dxc5 10. Nd5 Nd4 11. Qd1 e6 12. Nb6 Bc6 13. f3 Ne7 14. e3 Ndf5
15. Bb2 O-O 16. Ne2 Qd6 17. Kf2 Rfd8 18. Bxg7 Kxg7 19. Rb2 Nxe3 0-1

[Event "4th Stage Russian Cup"]
[Site "Samara RUS"]
[Date "2002.07.29"]
[Round "4"]
[White "Iljushin,A"]
[Black "Zakharevich,I"]
[Result "1/2-1/2"]
[WhiteElo "2526"]
[BlackElo "2463"]
[EventDate "2002.07.26"]

1. d4 Nf6 2. c4 e6 3. g3 d5 4. Bg2 dxc4 5. Nf3 c5 6. Qa4+ Nc6 7. Ne5 Bd7 8.
Bxc6 Bxc6 9. Nxc6 Qd7 10. dxc5 Rc8 11. b4 cxb3 12. axb3 Bxc5 13. Nxa7 Bb4+
14. Kf1 Rxc1+ 15. Kg2 Qxa4 1/2-1/2

[Event "4th Stage Russian Cup"]
[Site "Samara RUS"]
[Date "2002.07.29"]
[Round "4"]
[White "Chuprov,D"]
[Black "Tunik,G"]
[Result "1-0"]
[WhiteElo "2468"]
[BlackElo "2505"]
[EventDate "2002.07.26"]

1. c4 Nf6 2. Nc3 e5 3. g3 Bb4 4. Bg2 O-O 5. Nd5 Nxd5 6. cxd5 d6 7. e3 Nd7
8. Ne2 Nf6 9. O-O Bd7 10. d3 Qc8 11. e4 Bh3 12. Bg5 Bxg2 13. Kxg2 Nd7 14.
g4 f6 15. Be3 Bc5 16. Ng3 Kh8 17. Rc1 a5 18. h4 Rf7 19. Rc2 c6 20. dxc6
bxc6 21. Qf3 Qe8 22. Rfc1 a4 23. Bxc5 dxc5 24. Nf5 Qe6 25. Rc4 Nf8 26. h5
g6 27. Nh6 Rg7 28. Rxc5 gxh5 29. Rxc6 hxg4 30. Qxf6 Qxf6 31. Rxf6 Ng6 32.
Kf1 Rb7 33. Nxg4 Rd8 34. Ra6 Rxd3 35. Rxa4 h5 36. Ra6 Nf4 37. Ne3 Rd2 38.
Rh6+ Kg7 39. Nf5+ Kg8 40. Rc8+ Kf7 41. Kg1 Rdxb2 42. Nd6+ Kg7 43. Rch8 R7b6
44. Nf5+ Kf7 45. R6h7+ Kf6 46. Rg8 Ne6 47. Ne7 Nf4 48. Nf5 Ne6 49. Ng3 Nf4
50. Nxh5+ Nxh5 51. Rxh5 R2b5 52. a4 Rb1+ 53. Kg2 Kf7 54. Rg3 Re6 55. Rh7+
Kf8 56. a5 Ra1 57. Ra7 Ra4 58. Rf3+ Kg8 59. Rb3 Re8 60. a6 Kf8 61. Rf3+ Kg8
62. Rg3+ Kf8 63. Rgg7 Re6 64. Raf7+ Ke8 65. Rb7 1-0

[Event "4th Stage Russian Cup"]
[Site "Samara RUS"]
[Date "2002.07.29"]
[Round "4"]
[White "Kurnosov,I"]
[Black "Nevostrujev,V"]
[Result "1/2-1/2"]
[WhiteElo "2433"]
[BlackElo "2502"]
[EventDate "2002.07.26"]

1. e4 c5 2. Nf3 d6 3. d4 cxd4 4. Nxd4 Nf6 5. Nc3 Nc6 6. Bg5 e6 7. Qd2 Qb6
8. Nb3 a6 9. O-O-O Be7 10. f3 Qc7 11. Kb1 O-O 12. Bxf6 gxf6 13. Bd3 Kg7 14.
g4 Bd7 15. g5 fxg5 16. h4 g4 17. fxg4 Ne5 18. g5 Rh8 19. Nd4 Qc5 20. Nce2
Rag8 21. Rdf1 h6 22. gxh6+ Rxh6 23. Nf3 Rgh8 24. Nf4 Kf8 25. h5 Ke8 26. a3
Bc6 27. Qg2 Bf6 28. Nd2 Qb6 29. Nb3 Ke7 30. Qg1 Qxg1 31. Rhxg1 Nxd3 32.
cxd3 Be5 33. Na5 Bb5 34. Nc4 Rf6 35. Ne2 Bxc4 36. dxc4 Rxf1+ 37. Rxf1 Rxh5
38. Nc1 Rh2 39. Nd3 Bd4 40. Rf3 Re2 41. Rf4 Rd2 42. Rf3 e5 43. Rh3 f5 44.
Kc1 Rg2 45. exf5 Kf6 46. b3 Kxf5 47. a4 Ke4 48. Nb4 Be3+ 49. Kb1 a5 50. Nd5
Bc5 51. Nc3+ Kf5 52. Rf3+ Kg4 53. Rf7 Bd4 54. Nb5 Rb2+ 55. Kc1 Rxb3 56.
Rxb7 e4 57. Re7 Be5 1/2-1/2